000 00568nam a22001937a 4500
005 20251108165201.0
008 250721s1987 xx 000 0 ara d
082 1 4 _a956/عبا
100 1 _aعباس، إحسان
245 1 0 _aتاريخ دولة الأنباط /
264 1 _aعمان :
_bدار الشروف للنشر و التوزيع،
_c1987.
300 _a173ص.
490 0 _aبحوث في تاريخ بلاد الشام
650 1 7 _aبلاد الشام
650 1 7 _aالأنباط
650 1 7 _aالأردن
942 _2ddc
_cBK
999 _c21530
_d21530